100 biggest cities in Iowa on a Map - Statistics

General Stats
  • This quiz has been taken 11 times
  • The average score is 31 of 100
Answers on the Map
Answers color-coded by a green-red scale on the quiz's map according to % correct below.
 
Answer Stats
Population City % Correct
101,730 Davenport
100%
214,058 Des Moines
100%
74,825 Iowa City
100%
85,894 Sioux City
100%
66,432 Ames
90%
137,732 Cedar Rapids
80%
67,309 Waterloo
80%
68,725 West Des Moines
80%
68,095 Ankeny
70%
39,101 Bettendorf
70%
40,728 Cedar Falls
70%
62,781 Council Bluffs
70%
59,676 Dubuque
70%
25,545 Ottumwa
60%
45,577 Urbandale
60%
24,022 Burlington
50%
9,909 Keokuk
50%
41,552 Marion
50%
27,592 Marshalltown
50%
27,351 Mason City
50%
24,467 Clinton
40%
18,615 Clive
40%
22,333 Coralville
40%
24,871 Fort Dodge
40%
9,552 Grinnell
40%
15,835 Indianola
40%
23,937 Johnston
40%
9,285 Mount Pleasant
40%
23,809 Muscatine
40%
15,758 Newton
40%
23,949 Waukee
40%
10,328 Carroll
30%
7,585 Decorah
30%
10,318 Fort Madison
30%
15,513 Grimes
30%
7,185 Hiawatha
30%
5,105 Iowa Falls
30%
10,580 Le Mars
30%
20,481 North Liberty
30%
10,461 Pella
30%
11,264 Storm Lake
30%
7,363 Washington
30%
10,400 Waverly
30%
5,365 Winterset
30%
6,158 Adel
20%
19,669 Altoona
20%
6,788 Atlantic
20%
7,401 Bondurant
20%
12,450 Boone
20%
7,399 Charles City
20%
8,380 Denison
20%
4,473 Dyersville
20%
9,422 Fairfield
20%
7,589 Knoxville
20%
6,132 Maquoketa
20%
4,539 Mount Vernon
20%
6,919 Nevada
20%
12,798 Norwalk
20%
11,551 Oskaloosa
20%
10,152 Pleasant Hill
20%
8,234 Sioux Center
20%
5,441 Spirit Lake
20%
4,519 Tiffin
20%
7,827 Webster City
20%
5,253 Windsor Heights
20%
5,482 Algona
10%
5,444 Anamosa
10%
5,941 Asbury
10%
4,569 Camanche
10%
5,422 Centerville
10%
4,193 Chariton
10%
5,196 Cherokee
10%
5,371 Clarinda
10%
7,682 Clear Lake
10%
7,539 Creston
10%
5,514 DeWitt
10%
6,725 Eldridge
10%
5,902 Estherville
10%
4,562 Evansdale
10%
4,278 Forest City
10%
5,097 Glenwood
10%
4,338 Hampton
10%
4,888 Harlan
10%
4,784 Humboldt
10%
4,245 Huxley
10%
6,065 Independence
10%
4,180 Jefferson
10%
4,712 Le Claire
10%
5,074 Manchester
10%
5,928 Oelwein
10%
6,274 Orange City
10%
5,408 Osceola
10%
7,844 Perry
10%
5,552 Polk City
10%
5,596 Red Oak
10%
5,014 Sergeant Bluff
10%
5,514 Sheldon
10%
4,926 Shenandoah
10%
11,322 Spencer
10%
4,936 Vinton
10%
No matching quizzes found
Score Distribution
Percent of People with Each Score
Percentile by Number Answered
Your Score History
You have not taken this quiz